000 00419nam a2200145Ia 4500
008 231129s2007||||xx |||||||||||||| ||spa||
020 _a978-958-44-1592-9
040 _bspa
082 _a128 S486f
100 _aSerna Arles Fredy
245 0 _aFiloterapia: Un método filosófico para una trans-formación de vida
260 _c2007
264 _aHoyos Editores
942 _2ddc
_cBKS
999 _c13987
_d13987